• AIU
  • Tony Wilmot Memorial Library

We ni-duure tono. (Record no. 40161)

MARC details
000 -LEADER
fixed length control field 00671nam a22002171a 4500
003 - CONTROL NUMBER IDENTIFIER
control field OSt
005 - DATE AND TIME OF LATEST TRANSACTION
control field 20110718133202.0
008 - FIXED-LENGTH DATA ELEMENTS--GENERAL INFORMATION
fixed length control field 091005s1988 001 0 eng d
020 ## - INTERNATIONAL STANDARD BOOK NUMBER
Terms of availability 0.00
040 ## - CATALOGING SOURCE
Original cataloging agency NEGST Library - Kenya
Language of cataloging DLC
Transcribing agency DLC
Modifying agency DLC
050 #4 - LIBRARY OF CONGRESS CALL NUMBER
Classification number REF BS 325.K374 1988
100 1# - MAIN ENTRY--PERSONAL NAME
Personal name Bible League of Ghana.
9 (RLIN) 7981
245 10 - TITLE STATEMENT
Title We ni-duure tono.
260 ## - PUBLICATION, DISTRIBUTION, ETC. (IMPRINT)
Name of publisher, distributor, etc Bible League of Ghana,
Date of publication, distribution, etc 1988.
300 ## - PHYSICAL DESCRIPTION
Extent viii, 676 p. : i.
500 ## - GENERAL NOTE
General note "The New Testament in Kasem." - T.p. verso. [Africana]
600 10 - SUBJECT ADDED ENTRY--PERSONAL NAME
Personal name Bible. N.T. Kasem. 1988.
9 (RLIN) 7982
600 10 - SUBJECT ADDED ENTRY--PERSONAL NAME
Personal name Kasem language - Texts.
9 (RLIN) 7983
942 ## - ADDED ENTRY ELEMENTS (KOHA)
Source of classification or shelving scheme Library of Congress Classification
Koha item type Articles
Holdings
Withdrawn status Lost status Source of classification or shelving scheme Damaged status Not for loan Collection code Home library Current library Shelving location Date acquired Source of acquisition Cost, normal purchase price Full call number Barcode Date last seen Copy number Price effective from Koha item type
    Library of Congress Classification     Reference AIU/NEGST - Tony Wilmot Memorial Library AIU/NEGST - Tony Wilmot Memorial Library Reference 10/05/2009 donation 4.00 REF BS 325.K374 1988 R36601P3232 09/26/2019 1 10/05/2009 Africana collection ( Reference)